| 000 | 01263nam0a22003611 4500 | ||
|---|---|---|---|
| 001 | RU\NLR\A1SV\135353 | ||
| 005 | 20251203171251.9 | ||
| 035 | _a(NLR Aleph) 010680088 | ||
| 090 |
_a9643285 _c9643285 |
||
| 100 | _a20150211d1922 u y0rusy50 ca | ||
| 101 | 1 |
_arus _cger |
|
| 102 | _aRU | ||
| 200 | 1 |
_aВильгельм Телль _eДрам. представление _fФридрих Шиллер. Friedrich Schiller. 1759-1805 _gПер. Ф.Миллера _gРед. и предисл. Б.Эйхенбаума |
|
| 210 |
_aПб. _cГос. изд-во _d1922 |
||
| 215 |
_a204 с. _d15 см |
||
| 225 |
_aВсемир. лит. _i[Германия] _vВып. № 57 |
||
| 620 | _dСанкт-Петербург | ||
| 700 | 1 |
_6z01790 _aШиллер _bИ.Ф. _f1759-1805 _gИоган Фридрих |
|
| 702 | 1 |
_aМиллер _bФ. |
|
| 702 | 1 |
_aЭйхенбаум _bБ.М. _f1886-1959 _gБорис Михайлович |
|
| 790 | 1 |
_6z01700 _aSchiller _bF. _gFriedrich |
|
| 801 | 0 |
_aRU _bNLR _c20150211 |
|
| 899 |
_aРНБ _j17.124.4.46-57 |
||
| 899 | _aСамОУНБ | ||
| 899 | _aРГГУ | ||
| 899 | _aРГБ | ||
| 899 | _aСПбГУ | ||
| 899 | _aОренбургОУНБ | ||
| 942 | _cBOOK | ||
| 980 | _aNB | ||
| 980 | _aA1SV | ||
| 980 | _aA1SV | ||